Systematic management of human resources: instructor's manual

Saved in:
Bibliografiske detaljer
Main Authors: Peterson, Richard B (Author), Tracy, Lane (Author)
Format: Bog
Sprog:engelsk
Udgivet: Reading Addison-Wesley 1979
Fag:
Tags: Tilføj Tag
Ingen Tags, Vær først til at tagge denne postø!

MARC

LEADER 00000nam a2200000 a 4500
001 UCQ1153
003 CL-VaPUC
008 980709e19790000US |||||||||||||||||eng|d
082 0 4 |a 658.3  |b PET  |2 21 
100 0 |a Peterson, Richard B  |e author  |9 414767 
700 0 |a Tracy, Lane  |e author  |9 414768 
245 1 0 |a Systematic management of human resources: instructor's manual 
300 |a 173 p 
942 |c BK 
945 |d 19980709 00:00:00  |a cmena 
260 |a Reading  |b Addison-Wesley  |c 1979 
650 0 |a Administración del personal  |9 260442 
650 0 |a Recursos humanos   |9 228420 
650 0 |a Motivación   |9 315362 
650 7 |a SUPERVISION  |2 CL-VaPUC  |9 338459 
650 7 |a MEDIO AMBIENTE LABORAL  |2 CL-VaPUC  |9 380233 
650 0 |a Responsabilidad  |9 308399 
650 0 |a Relaciones laborales   |9 335971 
650 0 |a Estructura organizacional   |9 390800 
650 0 |a Psicología industrial  |9 271739 
583 |a last modification  |c 19980709 00:00:00  |k Rodrigo Vera 
999 |c 272157  |d 272155 
952 |0 0  |1 0  |4 0  |6 658_300000000000000_PET_1979  |7 0  |8 P  |9 307028  |a BIBGIM  |b BIBGIM  |d 2019-11-20  |i 1433725  |o 658.3 PET 1979  |p 1433725  |r 2025-01-15  |w 2019-11-20  |y BK  |k COM